000
00220 a2200097 4500
001
21933
100
_a
Irwin, W. C.
245
_a
Digital Computer Principles
260
_a
_b
D. Van-Nostrand
_c
1966
090
_c
15164
_d
15164
942
_a
NUST-CAE
_c
M
_c
5741
999
_c
257006
_d
257006